No-Drama Project Management Avoiding Predictable Problems for Project Success /

No-Drama Project Management: Avoiding Predictable Problems for Project Success is a book for project managers who want or need to be more effective. Having a project crash and burn is never a great situation, author Bart Gerardi explains, but it’s not a career buster—unless the failure appears on th...

Πλήρης περιγραφή

Λεπτομέρειες βιβλιογραφικής εγγραφής
Κύριος συγγραφέας: Gerardi, Bart (Συγγραφέας)
Συγγραφή απο Οργανισμό/Αρχή: SpringerLink (Online service)
Μορφή: Ηλεκτρονική πηγή Ηλ. βιβλίο
Γλώσσα:English
Έκδοση: Berkeley, CA : Apress, 2011.
Θέματα:
Διαθέσιμο Online:Full Text via HEAL-Link
LEADER 03136nam a22004095i 4500
001 978-1-4302-3991-8
003 DE-He213
005 20151204150540.0
007 cr nn 008mamaa
008 120112s2011 xxu| s |||| 0|eng d
020 |a 9781430239918  |9 978-1-4302-3991-8 
024 7 |a 10.1007/978-1-4302-3991-8  |2 doi 
040 |d GrThAP 
050 4 |a HF4999.2-6182 
050 4 |a HD28-70 
072 7 |a KJ  |2 bicssc 
072 7 |a BUS042000  |2 bisacsh 
082 0 4 |a 650  |2 23 
100 1 |a Gerardi, Bart.  |e author. 
245 1 0 |a No-Drama Project Management  |h [electronic resource] :  |b Avoiding Predictable Problems for Project Success /  |c by Bart Gerardi. 
264 1 |a Berkeley, CA :  |b Apress,  |c 2011. 
300 |a XI, 264 p.  |b online resource. 
336 |a text  |b txt  |2 rdacontent 
337 |a computer  |b c  |2 rdamedia 
338 |a online resource  |b cr  |2 rdacarrier 
347 |a text file  |b PDF  |2 rda 
520 |a No-Drama Project Management: Avoiding Predictable Problems for Project Success is a book for project managers who want or need to be more effective. Having a project crash and burn is never a great situation, author Bart Gerardi explains, but it’s not a career buster—unless the failure appears on the short list of recurring, avoidable problems that can and will pop up during any project. If your project fails due to a lack of planning, for example, expect a trip to the woodshed. Why? Your “unexpected problem” was actually both predictable and avoidable. This book is an exploration of the preventable problems that cause project failures and how to steer clear of them. It includes far more than simple rookie mistakes like trying to please the wrong stakeholder or misunderstanding your role on the team. Those who have been around the block a few times will also find tips and insights that can help them reignite a stalled or meandering career. The sections on managing change adroitly or handling truly unexpected challenges, for example, can get veteran project managers back on track. There are plenty of books about the science of project management that cover such things as creating a work-breakdown structure or a Gantt chart. No-Drama Project Management is about the art of project management. It contains methods and techniques—illustrated with stories from Gerardi’s rich store of experiences—that’ll help project managers shine and become promotable. This book: Describes the common obstacles that all projects face, and how to defuse or avoid them Explains how project managers can hold a mirror to their own  performance and improve it Shows project managers how to become masters at expecting the unexpected and thereby ratcheting up their success rates. 
650 0 |a Business. 
650 0 |a Management science. 
650 1 4 |a Business and Management. 
650 2 4 |a Business and Management, general. 
710 2 |a SpringerLink (Online service) 
773 0 |t Springer eBooks 
776 0 8 |i Printed edition:  |z 9781430239901 
856 4 0 |u http://dx.doi.org/10.1007/978-1-4302-3991-8  |z Full Text via HEAL-Link 
912 |a ZDB-2-SBE 
950 |a Business and Economics (Springer-11643)